Sports Quiz

Random Sports or NFL Quiz

NFL Touchdowns Week 16 2014 Season Quiz Stats

 Plays Quiz not verified by Sporcle

Score 0/96 Timer 09:00
0 Plays Today
Game Name % Correct
Chargers at 49ersColin Kaepernick
98.2%
Chargers at 49ersFrank Gore
98.2%
Lions at BearsJoique Bell
96.4%
Packers at BuccaneersAaron Rodgers
96.4%
Chiefs at SteelersLe'Veon Bell
96.4%
Chargers at 49ersPhilip Rivers
94.6%
Falcons at SaintsMatt Ryan
94.6%
Falcons at SaintsDrew Brees
94.6%
Browns at PanthersCam Newton
94.6%
Vikings at DolphinsRyan Tannehill
94.6%
Vikings at DolphinsDamien Williams
94.6%
Patriots at JetsTom Brady
94.6%
Ravens at TexansJoe Flacco
94.6%
Giants at RamsEli Manning
94.6%
Giants at RamsOdell Beckham
94.6%
Bills at RaidersJames Jones
94.6%
Colts at CowboysTerrance Williams
94.6%
Broncos at BengalsPeyton Manning
94.6%
Titans at JaguarsBlake Bortles
92.9%
Eagles at RedskinsLeSean McCoy
92.9%
Chargers at 49ersAntonio Gates
92.9%
Packers at BuccaneersJordy Nelson
92.9%
Vikings at DolphinsTeddy Bridgewater
92.9%
Patriots at JetsRob Gronkowski
92.9%
Patriots at JetsGeno Smith
92.9%
Ravens at TexansTorrey Smith
92.9%
Colts at CowboysTony Romo
92.9%
Chiefs at SteelersBen Roethlisberger
91.1%
Chiefs at SteelersAntonio Brown
91.1%
Vikings at DolphinsLamar Miller
91.1%
Giants at RamsShaun Hill
91.1%
Colts at CowboysDez Bryant
91.1%
Game Name % Correct
Seahawks at CardinalsRussell Wilson
91.1%
Broncos at BengalsJeremy Hill
91.1%
Eagles at RedskinsAlfred Morris
89.3%
Eagles at RedskinsMark Sanchez
89.3%
Falcons at SaintsJimmy Graham
89.3%
Bills at RaidersKyle Orton
89.3%
Packers at BuccaneersEddie Lacy
87.5%
Vikings at DolphinsMatt Asiata
87.5%
Vikings at DolphinsMike Wallace
87.5%
Seahawks at CardinalsMarshawn Lynch
87.5%
Lions at BearsJimmy Clausen
85.7%
Lions at BearsAlshon Jeffery
85.7%
Bills at RaidersDerek Carr
85.7%
Colts at CowboysDeMarco Murray
85.7%
Lions at BearsReggie Bush
83.9%
Browns at PanthersBrian Hoyer
83.9%
Ravens at TexansArian Foster
83.9%
Broncos at BengalsAndy Dalton
83.9%
Titans at JaguarsMarcedes Lewis
82.1%
Broncos at BengalsEmmanuel Sanders
82.1%
Browns at PanthersJonathan Stewart
80.4%
Lions at BearsMatt Forte
78.6%
Colts at CowboysJason Witten
78.6%
Bills at RaidersSammy Watkins
76.8%
Broncos at BengalsC.J. Anderson
76.8%
Browns at PanthersJordan Cameron
75%
Giants at RamsTre Mason
75%
Titans at JaguarsLeon Washington
73.2%
Vikings at DolphinsGreg Jennings
73.2%
Giants at RamsRueben Randle
73.2%
Vikings at DolphinsJarius Wright
71.4%
Titans at JaguarsCharlie Whitehurst
69.6%
Game Name % Correct
Chargers at 49ersEddie Royal
67.9%
Falcons at SaintsMark Ingram
67.9%
Chargers at 49ersMalcom Floyd
66.1%
Eagles at RedskinsRiley Cooper
64.3%
Falcons at SaintsDevonta Freeman
64.3%
Broncos at BengalsGiovani Bernard
64.3%
Patriots at JetsJonas Gray
62.5%
Colts at CowboysCole Beasley
62.5%
Broncos at BengalsJermaine Gresham
60.7%
Titans at JaguarsToby Gerhart
58.9%
Seahawks at CardinalsLuke Willson
58.9%
Colts at CowboysMatt Hasselbeck
57.1%
Patriots at JetsJeff Cumberland
51.8%
Eagles at RedskinsDarrel Young
50%
Broncos at BengalsAqib Talib
50%
Broncos at BengalsDre Kirkpatrick
46.4%
Chargers at 49ersBruce Ellington
39.3%
Bills at RaidersRobert Woods
39.3%
Bills at RaidersScott Chandler
37.5%
Titans at JaguarsJordan Todman
35.7%
Giants at RamsLance Kendricks
32.1%
Colts at CowboysBrandon Weeden
30.4%
Vikings at DolphinsDion Sims
23.2%
Giants at RamsChris Givens
21.4%
Chargers at 49ersAntoine Bethea
19.6%
Falcons at SaintsEric Weems
19.6%
Falcons at SaintsOsi Umenyiora
19.6%
Ravens at TexansC.J. Fiedorowicz
19.6%
Colts at CowboysZurlon Tipton
14.3%
Chargers at 49ersCorey Liuget
12.5%
Giants at RamsOrleans Darkwa
10.7%
Bills at RaidersJamize Olawale
7.1%

You're not logged in!

Compare scores with friends on all Sporcle quizzes.
OR
Log In

Sporcle TV

Today on Sporcle TV


Watch our educational content, quiz creation guides, and fun videos on Sporcle TV.

Show Comments

Extras

Top Quizzes Today


Score Distribution

Your Account Isn't Verified!

In order to create a playlist on Sporcle, you need to verify the email address you used during registration. Go to your Sporcle Settings to finish the process.

Report this User

Report this user for behavior that violates our Community Guidelines.

Details: